000 00341nam a22001457a 4500
008 230206b ||||| |||| 00| 0 eng d
020 _a9780070062955
041 _aeng
080 _24TH EDITION
_a51
082 _a51BEN
100 _a20
101 _aMATE
245 _aMATHEMATICS FOR ELEMENTARY TEACHERS
_cBENNETT B A
942 _2udc
_cBK
999 _c59310
_d59310